[Event "CAN-ch U12"]
[Site "Windsor"]
[Date "2010.07.08"]
[Round "5"]
[White "Kanwischer, Alek"]
[Black "Clemente, Denroi Lee"]
[Result "0-1"]
[WhiteElo "1098"]
[BlackElo "988"]
[PlyCount "146"]
[EventDate "2010.07.06"]
[EventType "swiss"]
[EventRounds "7"]
[EventCountry "CAN"]
[SourceTitle "EXT 2012"]
[Source "ChessBase"]
[SourceDate "2011.11.24"]
[SourceVersion "1"]
[SourceVersionDate "2011.11.24"]
[SourceQuality "1"]

1. e4 e5 2. Nf3 Nc6 3. Bb5 Bc5 4. Bxc6 dxc6 5. 0-0 Nf6 6. Nc3 Bg4 7. h3 Bxf3 8. Qxf3 Qd4 9. d3 Bb4 10. Bd2 0-0-0 11. a3 Bxc3 12. Bxc3 Qa4 13. b3 Qa6 14. Bxe5 Ne8 15. Qg4+ Rd7 16. Bxg7 Nxg7 17. Qxg7 Rhd8 18. Qg4 Qa5 19. a4 Qc3 20. Rac1 Qb4 21. Qf5 Rh8 22. e5 b6 23. Qf6 Qe7 24. Qxh8+ Qd8 25. Qxh7 a6 26. Qf5 b5 27. a5 b4 28. e6 fxe6 29. Qxe6 Kb7 30. c3 bxc3 31. Rxc3 Rxd3 32. Qxc6+ Ka7 33. Rxd3 Qxd3 34. Qxc7+ Ka8 35. Qc6+ Kb8 36. Qxa6 Qxa6 37. g4 Qxa5 38. f4 Qb5 39. f5 Qxb3 40. Rf2 Qe3 41. f6 Qxh3 42. f7 Qxg4+ 43. Kf1 Qc4+ 44. Kg1 Qc1+ 45. Kg2 Qc6+ 46. Rf3 Qc2+ 47. Rf2 Qg6+ 48. Kh2 Qh7+ 49. Kg1 Qg7+ 50. Kf1 Qa1+ 51. Kg2 Qg7+ 52. Kh3 Qf8 53. Rb2+ Kc7 54. Rf2 Kd6 55. Kg4 Ke5 56. Rf5+ Ke6 57. Kg5 Ke7 58. Kg6 Ke6 59. Rf6+ Ke7 60. Rf4 Ke6 61. Rf5 Kd6 62. Kf6 Qe7+ 63. Kg7 Ke6 64. Rf6+ Qxf6+ 65. Kg8 Qxf7+ 66. Kh8 Qh5+ 67. Kg7 Qg5+ 68. Kh8 Qf6+ 69. Kh7 Ke7 70. Kg8 Qf7+ 71. Kh8 Qf6+ 72. Kh7 Qg5 73. Kh8 Kf7 0-1

[Event "CAN-ch U12"]
[Site "Windsor"]
[Date "2010.07.07"]
[Round "3"]
[White "O'Neil, Michael T"]
[Black "Kanwischer, Alek"]
[Result "1-0"]
[WhiteElo "1080"]
[BlackElo "1098"]
[PlyCount "49"]
[EventDate "2010.07.06"]
[EventType "swiss"]
[EventRounds "7"]
[EventCountry "CAN"]
[SourceTitle "EXT 2012"]
[Source "ChessBase"]
[SourceDate "2011.11.24"]
[SourceVersion "1"]
[SourceVersionDate "2011.11.24"]
[SourceQuality "1"]

1. e4 e5 2. Nf3 Nf6 3. Nc3 Nc6 4. Bb5 Nd4 5. Nxe5 Qe7 6. Nf3 Nxb5 7. Nxb5 Nxe4 8. 0-0 d5 9. Re1 Qd7 10. d3 Qxb5 11. dxe4 dxe4 12. Rxe4+ Be6 13. Ng5 Rd8 14. Qe1 Rd6 15. Nxe6 Be7 16. Nxc7+ Kd7 17. Nxb5 Rd5 18. Rxe7+ Kc6 19. Nc3 Rd4 20. Rxf7 Rhd8 21. Rxg7 b5 22. g3 b4 23. Kg2 bxc3 24. Qxc3+ Kb5 25. Be3 1-0